| 000 | 00881nam a2200229Ii 4500 | ||
|---|---|---|---|
| 003 | JO-AjNU | ||
| 008 | 230605s9999||||xx |||||||||||||| ||und|| | ||
| 017 | _a2004/8/1831 | ||
| 020 | _a9957-02-159-1 | ||
| 040 |
_aJO-AjNU _bara _erda _cJO-AjNU |
||
| 041 | _aara | ||
| 050 | 1 | 4 | _aHF 5549 .5 .T7.H86 2005 |
| 100 | 3 |
_aحسنين،حسين محمد, _eauthor _922238 |
|
| 245 | 0 | 0 | _aتقويم التدريب:مصدر مواد مرجعية وتدريبية في اطار تقويم التدريب=Evaluating Training |
| 250 | _aط1 | ||
| 264 | 3 | 1 | _aعمان: دار مجدلاوي للنشر والتوزيع،2005 |
| 300 |
_a484ص _bيحتوي على صور ونماذج تقييم |
||
| 336 |
_atext _btxt _2rdacontent |
||
| 337 |
_aunmediated _bn _2rdamedia |
||
| 338 |
_avolume _bnc _2rdacarrier |
||
| 650 | 4 |
_aالتنمية الادارية-التدريب- تقييم _922239 |
|
| 999 |
_aA7860 _c11428 _d11428 |
||